000 00819nam a22002177a 4500
999 _c384
_d384
003 AR-CdUCM
008 190223b ||||| |||| 00| 0 spa d
040 _aMUNICIPALIDAD PROVINCIAL DEL CUSCO
_cBIBLIOTECA MUNICIPAL DEL CUSCO
082 _a869.5009 /
_bG26.
100 _aGarcia, Carlos
_91544
245 _aPara una periodización de la literatura peruana
_cGarcia, Carlos
260 _aLima :
_bLatinoamericana Editores,
_c1990.
300 _a108 paginas ;
_c25cm.
505 _aEl concepto de período en la historia -- Periodizaciones de la literatura -- Bases teóricas para una propuesta de periodización -- La propuesta
650 _aLiteratura peruana
_9169
650 _aPeriodización
_91545
650 _aBases teoricas
_91546
650 _aNotas
_91547
942 _2ddc
_cLIBROS
945 _apjha
_d2019-02-23